Regions with the Most Universities in the top 100 - Statistics

General Stats
  • This quiz has been taken 36 times
  • The average score is 13 of 21
Answer Stats
# Answer % Correct
5 California
97%
3 New York
90%
6 London & Southeast
80%
2 Massachusetts
80%
3 Pennsylvania
80%
2 Texas
80%
2 Tokyo
80%
2 Beijing
77%
3 Illinois
70%
2 Shanghai
63%
2 New South Wales
60%
4 Seoul
60%
2 Singapore
57%
2 Victoria
53%
5 Hong Kong
50%
2 Bavaria
47%
4 Ile de France
43%
3 Scotland
37%
2 Zurich
33%
2 West Midlands
17%
2 Yorkshire
17%
No matching quizzes found
Score Distribution
Percent of People with Each Score
Percentile by Number Answered
Your Score History
You have not taken this quiz